000 01005nam a2200265 i 4500
001 66557
003 ES-MaACL
005 20250803014909.0
007 t|
008 940627s1994 sp |||| | spa d
020 _a84-604-8888-8
080 _a316.32(460)(063)
111 2 _aJornadas sobre la Vertebración de la Sociedad Española (
_n4ª.
_d1994.
_cBarcelona)
_9881
245 1 0 _aIV Jornadas sobre la Vertebración de la Sociedad
_b: [Barcelona, 18 de noviembre y 2 de diciembre de 1993].
260 _aMadrid :
_bFundación Independiente,
_c[1994]
300 _a76 p. ;
_c22 cm.
490 1 _aCuadernos de sociedad ;
_v4
500 _aJornadas celebradas en colaboración con el Círculo Ecuestre.
650 1 4 _aEstructura social-
_zEspaña-
_vCongresos y asambleas.
_9168335
710 2 _aFundación Independiente (Madrid)
_94325
710 2 _aCírculo Ecuestre (Barcelona)
_92833
830 0 _aCuadernos de sociedad ;
_v4
_9179224
852 _aES-MaACL
_jL-27075
999 _c66557
_d66557